Nicaragua y el intervencionismo norteamericano : 1820-1930 /

Guardado en:
Autor Principal: Ciarnello, Nicolás
Formato: Libro
Publicado: Buenos Aires : Dunken, 2013
Materias:
Etiquetas: Agregar Etiqueta
Sin Etiquetas, Sea el primero en etiquetar este registro!
LEADER 00783nam a22002055a 4500
001 CEM.cems014404
005 20140519161045.0
008 130507s2013##################000#0#####d
003 CEMS
020 |a 9789870270454 
082 0 4 |a 980 
100 1 |a Ciarnello, Nicolás 
245 1 0 |a Nicaragua y el intervencionismo norteamericano :  |b 1820-1930 /  |c Nicolás Ciarnello 
260 |a Buenos Aires :  |b Dunken,  |c 2013 
300 |a 176 p. 
505 0 |a Introducción -- Independencia de Nicaragua (1823/1841) -- Enfrentamiento Anglo-Norteanericano -- Nicaragua y la cuestión del canal -- Intervención y ocupación norteamericana en Nicaragua 
653 |a Historia 
653 |a Historia americana 
653 |a Historia de nicaragua 
859 |a CEMS  |b BIB. CEMS - 11 de abril  |h 980  |i C341  |p 26974.14  |t Ej.1